<?xml version="1.0" encoding="UTF-8"?>
<collection xmlns="http://www.loc.gov/MARC21/slim">
 <record>
  <leader>01362ppm a22002898a 4500</leader>
  <controlfield tag="001">00026838</controlfield>
  <controlfield tag="005">20171026081025.0</controlfield>
  <controlfield tag="008">110831s2009                  ||||||viesd</controlfield>
  <datafield tag="041" ind1="0" ind2="#">
   <subfield code="a">vie</subfield>
  </datafield>
  <datafield tag="082" ind1="1" ind2="4">
   <subfield code="a">630</subfield>
   <subfield code="b">T450CH</subfield>
  </datafield>
  <datafield tag="100" ind1="1" ind2="#">
   <subfield code="a">Đỗ, Thị Lê Hà</subfield>
  </datafield>
  <datafield tag="245" ind1="1" ind2="0">
   <subfield code="a">Tổ chức giờ học môn Công nghệ 7 theo hướng tích cực bằng phương pháp thảo luận nhóm ở trường trung học cơ sở Võ Thị Sáu</subfield>
   <subfield code="b">Khóa luận tốt nghiệp : Sư phạm KTNN - KTGĐ: Trình độ : Cao đẳng</subfield>
   <subfield code="c">Đỗ Thị Lê Hà; Trần Đức Tường hướng dẫn</subfield>
  </datafield>
  <datafield tag="260" ind1="#" ind2="#">
   <subfield code="a">Đồng Tháp</subfield>
   <subfield code="b">Trường Đại học Đồng Tháp</subfield>
   <subfield code="c">2009</subfield>
  </datafield>
  <datafield tag="300" ind1="#" ind2="#">
   <subfield code="a">49 tr.</subfield>
   <subfield code="c">30 cm.</subfield>
   <subfield code="b">bảng, hình ảnh</subfield>
  </datafield>
  <datafield tag="500" ind1="#" ind2="#">
   <subfield code="a">ĐTTS ghi: Bộ Giáo dục và Đào tạo. Trường Đại học Đồng Tháp</subfield>
  </datafield>
  <datafield tag="504" ind1="#" ind2="#">
   <subfield code="a">Phụ lục : 6 tr.</subfield>
  </datafield>
  <datafield tag="650" ind1=" " ind2=" ">
   <subfield code="a">Phương pháp giảng dạy</subfield>
   <subfield code="z">Trường trung học cơ sở Võ Thị Sáu</subfield>
  </datafield>
  <datafield tag="653" ind1="#" ind2="#">
   <subfield code="a">Công nghệ</subfield>
  </datafield>
  <datafield tag="653" ind1="#" ind2="#">
   <subfield code="a">Lớp 7</subfield>
  </datafield>
  <datafield tag="700" ind1="1" ind2="#">
   <subfield code="a">Trần, Đức Tường</subfield>
   <subfield code="e">hướng dẫn</subfield>
  </datafield>
  <datafield tag="852" ind1="#" ind2="#">
   <subfield code="b">Kho đọc</subfield>
   <subfield code="j">KD.0011556</subfield>
  </datafield>
  <datafield tag="852" ind1="#" ind2="#">
   <subfield code="j">KD.0011556</subfield>
  </datafield>
  <datafield tag="910" ind1="#" ind2="#">
   <subfield code="a">Ntuyet</subfield>
   <subfield code="d">31/08/2011</subfield>
  </datafield>
  <datafield tag="980" ind1="#" ind2="#">
   <subfield code="a">Trung tâm Học liệu Lê Vũ Hùng, Trường Đại học Đồng Tháp</subfield>
  </datafield>
 </record>
</collection>
